Polstoročnica hygienickej starostlivosti slávnostná akadémia na počesť ochrancov zdravia obyvateľstva

Bibliographic Details
Main Author: (mi) (Author)
Format: Article
Language:Slovak
ISSN:1335-4477
Subjects:

MARC

LEADER 00000nab a2200000 a 4500
001 vtls000791817
003 SK-MaSNL
005 20260304173705.0
008 140303c2002 xo 0 slo
015 |a SNBRB2002/04-13124 
035 |a CLN000143472 
040 |a SNKBUCL  |b slo  |c SNKBUCL  |e AACR2 
041 0 |a slo 
044 |a xo  |c SK 
080 |a 613(437.6):614(437.6):O61.75  |2 1997 
080 |a 614(437.6):O61.75  |2 1997 
100 0 |a (mi)  |4 aut  |9 839726 
245 1 0 |a Polstoročnica hygienickej starostlivosti  |b slávnostná akadémia na počesť ochrancov zdravia obyvateľstva  |c [autor] (mi) 
648 7 |a 2002  |2 snkbucl  |9 299607 
650 0 7 |a hygiena  |2 snkbucl  |9 16835 
650 0 7 |a preventívna zdravotná starostlivosť  |2 snkbucl  |9 1248889 
655 7 |a články z novín a časopisov  |2 snkbucl  |9 267496 
773 0 |t Zdravotnícke noviny  |g Roč. 7, č. 14 (2002), s. 1  |x 1335-4477 
850 |a Slovenská národná knižnica v Martine 
852 |a SNK  |b KIS3GCP 
958 |a MI 
958 |a SK 
992 |a RBX 
999 |c 3005116  |d 3007046